000 00444nam a2200181Ia 4500
008 230524s9999 xx 000 0 und d
020 _a019806232X
082 _a621.8
_bUIC
100 _aJohn J Uicker JR
245 0 _aTheory of Machines and Mechanisms
250 _a3
260 _aNew Delhi
_bOxford
_c2013
300 _a"V,709p;"
500 _aQuantity Number: 10
650 _aMechanics
700 _aGordon R Pennock
942 _cBK
999 _c53529
_d53529